Método filológico-didáctico para el estudio del griego clásico /

Guardado en:
Autor Principal: Torres, Daniel Alejandro
Formato: Libro
Idioma:Spanish
Publicado: Buenos Aires : Facultad de Filosofía y Letras-UBA, 2015.
Materias:
Acceso en línea:Acceso a texto completo
Etiquetas: Agregar Etiqueta
Sin Etiquetas, Sea el primero en etiquetar este registro!
LEADER 00775nam a22002055a 4500
001 EHU.bham043721
008 130507s2015####ag############000#0#spa#d
005 20201222095259.0
245 1 0 |a Método filológico-didáctico para el estudio del griego clásico /  |c Daniel Alejandro Torres. 
260 |a Buenos Aires :  |b Facultad de Filosofía y Letras-UBA,  |c 2015. 
300 |a 324 p. 
530 |a Disponible también en formato digital. 
020 |a 9789873617799 
100 1 |a Torres, Daniel Alejandro 
082 4 8 |a 485 
653 |a Griego clásico-estudio del 
653 |a Filología clásica-enseñanza-aprendizaje de la 
655 4 |a Libros electrónicos 
856 4 0 |u https://rb.gy/k1atp8  |y Acceso a texto completo 
859 |a AR-BHAM  |b BIB. HUMANIDADES - General  |h 485  |i T636  |p 8.16  |t Ej.1